000 00488nam a2200121Ia 4500
008 220615s9999||||xx |||||||||||||| ||und||
100 _aRichter, Urban Maximilian
245 0 _aControlled self-organisation using learning classifier systems
546 _aEnglish[eng]
650 _aorganic computing||multi-agent simulation||controlled self-organisation||observer/controller architecture||extended learning classifier system
856 _uhttps://www.ksp.kit.edu/9783866444317
942 _cEB
999 _c9755
_d9755